000 00426nam a2200181Ia 4500
001 3417
005 20260306145642.0
008 260306t2003||||xx |||||||||||||| ||spa||
041 _aESP
082 _a273.3
_bO674
100 _aO Shea, Stephen
_eAUT
245 0 _aLos Cátaros:
_bla herejía perfecta
260 _c2003
300 _a278 páginas :
_c24 cm.
650 _aGEN
654 _aCHU
942 _cLIB
_dJUS
_fJUS
_2ddc
_n
999 _c3417
_d3417